Electric circuits / (Record no. 10249)
[ view plain ]
| 000 -LEADER | |
|---|---|
| fixed length control field | 00900cam a22002895a 4500 |
| 001 - CONTROL NUMBER | |
| control field | 15050971 |
| 005 - DATE AND TIME OF LATEST TRANSACTION | |
| control field | 20201128013433.0 |
| 008 - FIXED-LENGTH DATA ELEMENTS--GENERAL INFORMATION | |
| fixed length control field | 071019t2008 njua frb 001 0 eng d |
| 020 ## - INTERNATIONAL STANDARD BOOK NUMBER | |
| International Standard Book Number | 0135031656 |
| 020 ## - INTERNATIONAL STANDARD BOOK NUMBER | |
| International Standard Book Number | 9780135031650 |
| 040 ## - CATALOGING SOURCE | |
| Original cataloging agency | DLC |
| Language of cataloging | eng |
| Transcribing agency | DLC |
| Modifying agency | DLC |
| -- | EG-ScBUE |
| 082 04 - DEWEY DECIMAL CLASSIFICATION NUMBER | |
| Classification number | 621.3192 |
| Item number | NIL |
| Edition number | 22 |
| 100 1# - MAIN ENTRY--PERSONAL NAME | |
| Personal name | Nilsson, James William. |
| 9 (RLIN) | 1212 |
| 245 10 - TITLE STATEMENT | |
| Title | Electric circuits / |
| Statement of responsibility, etc | James W. Nilsson, Susan A. Riedel. |
| 250 ## - EDITION STATEMENT | |
| Edition statement | 8th ed. |
| 260 ## - PUBLICATION, DISTRIBUTION, ETC. (IMPRINT) | |
| Place of publication, distribution, etc | Upper Saddle River : |
| Name of publisher, distributor, etc | Pearson / Prentice Hall, |
| Date of publication, distribution, etc | c.2008. |
| 300 ## - PHYSICAL DESCRIPTION | |
| Extent | xxii, 855 p. : |
| Other physical details | ill. (some col.) ; |
| Dimensions | 27 cm. |
| 500 ## - GENERAL NOTE | |
| General note | Index : p. 839-855. |
| 504 ## - BIBLIOGRAPHY, ETC. NOTE | |
| Bibliography, etc | Includes bibliographical references. |
| 650 #0 - SUBJECT ADDED ENTRY--TOPICAL TERM | |
| Topical term or geographic name as entry element | Electric circuits. |
| Source of heading or term | BUEsh |
| 651 ## - SUBJECT ADDED ENTRY--GEOGRAPHIC NAME | |
| Source of heading or term | BUEsh |
| 653 ## - INDEX TERM--UNCONTROLLED | |
| Resource For college | Engineering, Electrical |
| Arrived date list | August2015 |
| 655 ## - INDEX TERM--GENRE/FORM | |
| Form subdivision | |
| -- | 33728 |
| 700 1# - ADDED ENTRY--PERSONAL NAME | |
| Personal name | Riedel, Susan A. |
| 9 (RLIN) | 19762 |
| 700 1# - ADDED ENTRY--PERSONAL NAME | |
| Personal name | Goel, Lalit, |
| Relator term | editor. |
| 942 ## - ADDED ENTRY ELEMENTS (KOHA) | |
| Call number prefix | 621.3192 NIL |
| Source of classification or shelving scheme | Dewey Decimal Classification |
| Withdrawn status | Item status | Source of classification or shelving scheme | Damaged status | Not for loan | Home library | Current library | Shelving location | Date acquired | Source of acquisition | Total Checkouts | Full call number | Barcode | Date last seen | Date last borrowed | Koha item type | Total Renewals | Checked out | Vendor |
|---|---|---|---|---|---|---|---|---|---|---|---|---|---|---|---|---|---|---|
| Dewey Decimal Classification | Central Library | Central Library | First floor | 22/10/2008 | 3 | 621.3192 NIL | 000030357 | 15/07/2025 | 26/02/2013 | NB - Book (Non borrowing) | ||||||||
| Dewey Decimal Classification | Central Library | Central Library | First floor | 22/10/2008 | 7 | 621.3192 NIL | 000030358 | 15/07/2025 | 27/11/2023 | Book - Borrowing | 39 | |||||||
| Dewey Decimal Classification | Central Library | Central Library | First floor | 22/10/2008 | 3 | 621.3192 NIL | 000013622 | 11/10/2014 | 11/10/2014 | Book - Borrowing | 83 | 18/03/2015 | ||||||
| Dewey Decimal Classification | Central Library | Central Library | First floor | 16/11/2008 | 7 | 621.3192 NIL | 000014114 | 15/07/2025 | 09/11/2024 | Book - Borrowing | 46 | |||||||
| Dewey Decimal Classification | Central Library | Central Library | First floor | 16/11/2008 | 9 | 621.3192 NIL | 000014119 | 15/07/2025 | 04/12/2018 | Book - Borrowing | 14 | |||||||
| Dewey Decimal Classification | Central Library | Central Library | First floor | 16/11/2008 | 6 | 621.3192 NIL | 000030360 | 15/07/2025 | 22/11/2023 | Book - Borrowing | 43 |